| 000 | 00535nam a2200169 i 4500 | ||
|---|---|---|---|
| 001 | 51061 | ||
| 003 | ES-MaACL | ||
| 005 | 20230906162305.0 | ||
| 007 | t| | ||
| 008 | 030808s1920 sp ||||1| spa d | ||
| 100 | 1 |
_aCushny, Arthur R. _942265 |
|
| 245 | 1 | 3 |
_aLa secreción de la orina / _cpor Arthur R. Cushny ; traducción de José Sopeña Boncompte. |
| 260 |
_aMadrid : _bCalpe, _c1920 ( _fJiménez y Molina) |
||
| 300 |
_aVII, 287 p. : _bil. ; _c25 cm. |
||
| 700 | 1 |
_aSopeña Boncompte, José. _9107318 |
|
| 852 |
_aES-MaACL _jB-12683 |
||
| 999 |
_c51061 _d51061 |
||